Statistiques concernant Box Office 2020 par images restreintes

Cliquez ici pour prendre le quiz!

Statistiques générales

  • Ce quiz a été pris 184 fois
  • Le résultat moyen est 5 sur 12

Statistiques - réponses

Réponse% Correct
Ducobu 3
96%
Sonic, le film
93%
1917
60%
Bad Boys for Life
57%
Tenet
56%
Birds of Prey
48%
L'Appel de la forêt
25%
Adieu les cons
17%
30 Jours max
15%
Les Blagues de Toto
12%
10 jours sans maman
7%
Le Voyage du Docteur Dolittle
7%

Distribution des résultats

Percentile par nombre de réponses

% des personnes avec chaque résultat

Votre développement - résultats

Vous n’avez pas pris ce quiz